| 000 | 00625 a2200181 4500 | ||
|---|---|---|---|
| 040 |
_aDLC _bDLC |
||
| 082 | _a621.3822 | ||
| 100 | 1 | _aProakis, John G. | |
| 245 | 0 | 0 |
_aDigital signal processing: principles, algorithms and applications _bprinciples, algorithms and applications _cJohn G. Proakis, Dimitris G. Manolakis |
| 250 | _a3. ed. | ||
| 260 |
_aNew Delhi: _bPrentice-Hall of India, _c1996 |
||
| 300 |
_axv, 968 p. : _bill. _c24 cm. |
||
| 650 | 4 | _aDigital signalbehandling | |
| 650 | 4 | _aDigital signalbehandling | |
| 650 | 4 | _aDigital signal processing | |
| 700 | 1 | _aManolakis, Dimitris G. | |
| 942 |
_cBK _k621.3822 PRO _2ddc |
||
| 999 |
_c9731 _d9731 |
||